000
00255nam a22000977a 4500
082
_a
623.8 SYN'C
245
_a
SYNCHRO-SERVO FUNDAMENTALS INSTRUCTORS GUIDE FOR MAINTENANCE TRAINING
260
_a
USA
_b
US BUREAU OF NAVY
_c
1956
300
_a
81P
942
_c
BK
999
_c
582352
_d
582352